01817nam a2200277 a 4500001001500000005001700015008004100032020003500073020003000108040000600138050001100144082002100155100002200176245010700198250001600305260003300321300003400354520086500388650002101253650001701274700002601291856008201317942001201399999001701411952011101428ASIN068483852420170105102925.0131211s1998 xxu eng d a0684838524 (paperback)c$27.95 a9780684838526 (paperback) a004aGC11.204a551.46bBRO 19971 aBroad, William J.14aThe universe below :bdiscovering the secrets of the deep sea /cWilliam J Broad, Dimitry Schidlovsky. aReprint ed. a[S.l.] :bTouchstone,c1998. a432 p. :bcol. ill. ;c24 cm. aPulitzer Prize winner William J. Broad takes us on an adventure to the planet's last and most exotic frontier -- the depths of the sea. The Universe Below examines how we are illuminating its dark recesses as a wave of advanced technology quietly opens the Earth's largest and most mysterious environment. Broad takes us on breathtaking dives and expeditions -- to the Azores, to the Titanic , to hot springs teeming with bizarre life, to icy fissures aswarm with gulper eels, vampire squids, and gelatinous beasts longer than a city bus. We meet legendary explorers and researchers and go with them as they probe the ancient mysteries of a universe that encompasses the vast majority of the Earth's habitable space and holds millions of humanity's lost artworks and treasures. The Universe Below is an unforgettable trip to our last great unexplored frontier. 0aDeep-sea biology 0aOceanography1 aSchidlovsky, Dimitry.403Amazon.comuhttp://www.amazon.com/exec/obidos/ASIN/0684838524/chopaconline-20 2ddccBK c15782d15782 001040708NFICaCIPSbCIPScGENd2013-10-02l0o551.46 BRO 1997pCIPS0002372r2013-12-11w2013-12-11yBK